书目信息 |
| 题名: |
农产品物流模式创新研究
|
|
| 作者: | 李碧珍 著 | |
| 分册: | ||
| 出版信息: | 北京 社会科学文献出版社 2010 |
|
| 页数: | 336页 | |
| 开本: | 24cm | |
| 丛书名: | 马克思主义理论与现实研究文库 | |
| 单 册: | ||
| 中图分类: | F724.72 | |
| 科图分类: | ||
| 主题词: | 农产品--物流--物资管理--中国 , 农产品 , 物流 , 物资管理 | |
| 电子资源: | ||
| ISBN: | 978-7-5097-1624-3 | |
| 000 | 01299oam2 2200313 450 | |
| 001 | 519 | |
| 005 | 20140909100520.15 | |
| 010 | @a978-7-5097-1624-3@dCNY49.00 | |
| 100 | @a20101016d2010 em y0chiy50 ea | |
| 101 | 0 | @achi |
| 102 | @aCN@b110000 | |
| 105 | @ay z 000yy | |
| 106 | @ar | |
| 200 | 1 | @a农产品物流模式创新研究@ANong Chan Pin Wu Liu Mo Shi Chuang Xin Yan Jiu@dThe innovations of logistic pattern for agricultural products@f李碧珍著@FLi Bi Zhen Zhu@zeng |
| 210 | @a北京@c社会科学文献出版社@d2010 | |
| 215 | @a336页@c图@d24cm | |
| 225 | 2 | @a马克思主义理论与现实研究文库@h第三辑@i中国社会主义市场经济研究专辑 |
| 300 | @a福建师范大学省重点学科建设项目 | |
| 330 | @a本书探讨了新中国成立60年来我国农产品物流模式创新的一些基本理论问题,综合运用马克思主义经济理论、现代物流理论、产业经济学和管理学等的相关理论,采用历史与逻辑相统一、定性与定量相结合、规范与实证相结合、系统分析与个案剖析相联系的分析方法。 | |
| 461 | 0 | @12001 @a马克思主义理论与现实研究文库 |
| 510 | 1 | @aInnovations of logistic pattern for agricultural products@zeng |
| 606 | 0 | @a农产品@x物流@x物资管理@y中国 |
| 606 | 0 | @a农产品 |
| 606 | 0 | @a物流 |
| 606 | 0 | @a物资管理 |
| 690 | @aF724.72@v5 | |
| 701 | 0 | @a李碧珍@ALi Bi Zhen@4著 |
| 801 | 0 | @aCN@bTANGWEI@c20140603 |
| 905 | @b0837922-24@dF724.72@e72@f3 | |
| 农产品物流模式创新研究=The innovations of logistic pattern for agricultural products/李碧珍著.-北京:社会科学文献出版社,2010 |
| 336页:图;24cm.-(马克思主义理论与现实研究文库.第三辑.中国社会主义市场经济研究专辑) |
| 福建师范大学省重点学科建设项目 |
| ISBN 978-7-5097-1624-3:CNY49.00 |
| 本书探讨了新中国成立60年来我国农产品物流模式创新的一些基本理论问题,综合运用马克思主义经济理论、现代物流理论、产业经济学和管理学等的相关理论,采用历史与逻辑相统一、定性与定量相结合、规范与实证相结合、系统分析与个案剖析相联系的分析方法。 |
| ● |
| 相关链接 |
|
|
|
|
正题名:农产品物流模式创新研究
索取号:F724.72/72
 
预约/预借
| 序号 | 登录号 | 条形码 | 馆藏地/架位号 | 状态 | 备注 |
| 1 | 0837922 | 208379226 | 第一样本阅览室/ [索取号:F724.72/72] | 在馆 | |
| 2 | 0837923 | 208379235 | 第一借阅区/ [索取号:F724.72/72] | 在馆 | |
| 3 | 0837924 | 208379244 | 密集书库-海洋学院/ [索取号:F724.72/72] | 在馆 |